| 000 | 00546cab a2200217 4500 | ||
|---|---|---|---|
| 001 | ABS58113 | ||
| 008 | 090401t1997 xxu||||| |||| 00| 0 eng d | ||
| 035 | _a(Sirsi) u82595 | ||
| 041 | _aeng | ||
| 245 | _aGuide to the sites | ||
| 260 | _c1997 | ||
| 350 | _a0 | ||
| 490 |
_aAccountancy Age _v27 November 1997, 20(1) |
||
| 520 | _aDetails specialist internet search engines and web sites for taxation. | ||
| 650 | _aINTERNET | ||
| 650 | _aTAXES | ||
| 650 | _aWORLD WIDE WEB | ||
| 690 | _aTAXATION | ||
| 942 | _n0 | ||
| 948 | _c10/12/1997 | ||
| 999 |
_c52167 _d52167 |
||